000 00407nam a22001697a 4500
003 NUST - PNEC
005 20170116181140.0
008 151008b xxu||||| |||| 00| 0 eng d
020 _a-
040 _cLIBRARY
082 _a690 SAN
100 _914620
_aSane, Y.S.
245 _aPlanning and designing buildings
_cY.S. Sane
260 _cc.1964
650 _914633
_aBuildings
_xIME
942 _2ddc
_cBK
999 _c70473
_d70473